الوقاية من أمراض السرطان و التخلص من سموم الجسم بطريقة الشاولين الصينية / (رقم التسجيلة. 4690)
[ عرض عادي ]
| 000 -LEADER | |
|---|---|
| fixed length control field | 00612nam a22001817a 4500 |
| 005 - DATE AND TIME OF LATEST TRANSACTION | |
| control field | 20251108164136.0 |
| 008 - FIXED-LENGTH DATA ELEMENTS--GENERAL INFORMATION | |
| fixed length control field | 250721s2008 xx 000 0 ara d |
| 082 14 - DEWEY DECIMAL CLASSIFICATION NUMBER | |
| Classification number | 615.8/شرف |
| 100 1# - MAIN ENTRY--PERSONAL NAME | |
| Personal name | الشرفاء، يوسف |
| 245 10 - TITLE STATEMENT | |
| Title | الوقاية من أمراض السرطان و التخلص من سموم الجسم بطريقة الشاولين الصينية / |
| 264 1# - PRODUCTION, PUBLICATION, DISTRIBUTION, MANUFACTURE, AND COPYRIGHT NOTICE | |
| Place of production, publication, distribution, manufacture | عمان : |
| Name of producer, publisher, distributor, manufacturer | دار عالم الثقافة، |
| Date of production, publication, distribution, manufacture, or copyright notice | 2008. |
| 300 ## - PHYSICAL DESCRIPTION | |
| Extent | 296ص. |
| 650 17 - SUBJECT ADDED ENTRY--TOPICAL TERM | |
| Topical term or geographic name as entry element | مرض السرطان |
| 650 17 - SUBJECT ADDED ENTRY--TOPICAL TERM | |
| Topical term or geographic name as entry element | الطب الشعبي |
| 653 ## - INDEX TERM--UNCONTROLLED | |
| Uncontrolled term | العلاج الصيني |
| 942 ## - ADDED ENTRY ELEMENTS (KOHA) | |
| Source of classification or shelving scheme | Dewey Decimal Classification |
| Koha item type | كتب |
| حالة السحب | حالة الفقدان | مصدر التصنيف | حالة التلف | غير قابل للإعارة | المكتبة الرئيسية | المكتبة الحالية | موقع الرف | تاريخ التزويد | الرقم المتسلسل | Total Checkouts | رقم الإستدعاء | الباركود | تاريخ آخر ظهور | تاريخ الفاتورة | نوع المادة (كوها) |
|---|---|---|---|---|---|---|---|---|---|---|---|---|---|---|---|
| Dewey Decimal Classification | مكتبة أبو علندا العامة | مكتبة أبو علندا العامة | الإعارة | 10/03/2009 | 1266294 | 615.8/شرف | PLD00077034 | 28/07/2025 | 10/03/2009 | كتب | |||||
| Dewey Decimal Classification | مكتبة الأميرة ايمان العامة | مكتبة الأميرة ايمان العامة | الإعارة | 10/03/2009 | 1266293 | 615.8/شرف | PLD00077033 | 28/07/2025 | 10/03/2009 | كتب | |||||
| Dewey Decimal Classification | مكتبة الاميرة بديعة | مكتبة الاميرة بديعة | الإعارة | 10/03/2009 | 1266295 | 615.8/شرف | PLD00077035 | 28/07/2025 | 10/03/2009 | كتب | |||||
| Dewey Decimal Classification | مكتبة الجويدة | مكتبة الجويدة | الإعارة | 10/03/2009 | 1266296 | 615.8/شرف | PLD00077036 | 28/07/2025 | 10/03/2009 | كتب | |||||
| Dewey Decimal Classification | مكتبة ومركز فرح | مكتبة ومركز فرح | الإعارة | 06/05/2009 | 1287079 | 615.8/شرف | PLD00086725 | 28/07/2025 | 06/05/2009 | كتب | |||||
| Dewey Decimal Classification | مكتبةمؤتة | مكتبةمؤتة | الإعارة | 20/03/2011 | 1428245 | 615.8/شرف | PLD00198101 | 28/07/2025 | 20/03/2011 | كتب |